<The> "Revealed" comparative advantage and competitiveness of the EU's international trade vis à vis the USA

"Odhalená" komparatívna výhoda („Revealed“ comparative advantage – RCA) a špecializácia medzinárodného obchodu EÚ a USA ako komparatívna analýza medzi uvedenými obchodnými partnermi. V čase príprav na potenciálne Transatlantické obchodné a investičné partnerstvo (TTIP) je potrebné skúmať odvetvovú k...

Descripción completa

Guardado en:
Detalles Bibliográficos
Autor principal: Obadi, Saleh Mothana
Otros Autores: Korček, Matej
Formato: Capítulo de libro
Lenguaje:inglés
Materias:
Etiquetas: Agregar Etiqueta
Sin Etiquetas, Sea el primero en etiquetar este registro!

MARC

LEADER 00000naa a2200000 4500
001 0221642
005 20230712072951.3
041 0 |a eng 
044 |a SK 
245 1 0 |a <The> "Revealed" comparative advantage and competitiveness of the EU's international trade vis à vis the USA  |c Saleh Mothana Obadi, Matej Korček 
520 |a "Odhalená" komparatívna výhoda („Revealed“ comparative advantage – RCA) a špecializácia medzinárodného obchodu EÚ a USA ako komparatívna analýza medzi uvedenými obchodnými partnermi. V čase príprav na potenciálne Transatlantické obchodné a investičné partnerstvo (TTIP) je potrebné skúmať odvetvovú konkurencieschopnosť EÚ vo vzťahu k jej obchodnému partnerovi – USA. Na tento účel bol použitý Balassov index RCA a ďalšie alternatívne meradlá komparatívnych výhod, ako aj empirická analýza na identifikáciu trendu komparatívnej výhody. 
610 2 0 |a obchod medzinárodný 
610 2 0 |a USA 
610 2 0 |a Európska únia 
610 2 0 |a výhody komparatívne 
610 2 0 |a špecializácia 
100 1 |a Obadi, Saleh Mothana 
700 1 |a Korček, Matej